000
00247nam a22001217a 4500
003
SGT
020
_a
9789380896403
082
_b
JAI
100
_a
JAIN M.L
245
_a
DYNAMICS BA. BSC-III
260
_b
JEEVANSONS PUB.
_c
2018
942
_2
ddc
_c
BK
999
_c
16432
_d
16432